000 00290nam a22001337a 4500
008 190201b xxu||||| |||| 00| 0 eng d
020 _a9780072836264
041 _aeng
080 _a941
100 _a16
101 _aHIS
245 _aRenaissance in Europe
_cKing, M.L
942 _2udc
_cBK
999 _c53904
_d53904